000 00351nam a2200157Ia 4500
008 230524s9999 xx 000 0 und d
020 _a8123913281
082 _a624.152
245 0 _aEarth Manual
250 _a1
260 _aNew Delhi
_bCBS
_c1990
300 _a"xxxvii,791p;"
500 _aQuantity Number: 2
650 _aCivil
942 _cBK
999 _c55323
_d55323